书目信息 |
| 题名: |
组织工程方法
|
|
| 作者: | 阿塔拉 (美)兰扎 ;杨志明 | |
| 分册: | ||
| 出版信息: | 北京 化学工业出版社 2006 |
|
| 页数: | 1093 | |
| 开本: | 29cm | |
| 丛书名: | 生物实验室系列 | |
| 单 册: | ||
| 中图分类: | Q13 | |
| 科图分类: | ||
| 主题词: | 生物学:形态学 | |
| 电子资源: | ||
| ISBN: | 7-5025-8324-6 | |
| 000 | 00684nam0 2200217 450 | |
| 001 | 0741144344 | |
| 005 | 20070817112544.34 | |
| 010 | @a7-5025-8324-6@b精装@d¥185.00 | |
| 100 | @a20070817d km y0chiy0120 ea | |
| 101 | 0 | @achi |
| 200 | 1 | @a组织工程方法@Azu zhi gong cheng fang fa@f(美)阿塔拉 (美)兰扎@F(mei)a ta la(mei)lan zha@g杨志明等@Gyang zhi ming deng |
| 210 | @a北京@c化学工业出版社@d2006 | |
| 215 | @a1093@d29cm | |
| 225 | 2 | @a生物实验室系列 |
| 410 | 0 | @12001 @a生物实验室系列 |
| 606 | 0 | @a生物学:形态学 |
| 690 | @aQ13@v3 | |
| 701 | 0 | @a阿塔拉 (美)兰扎@Aa ta la(mei)lan zha |
| 702 | 0 | @a杨志明@Ayang zhi ming |
| 801 | 0 | @aCN@bPFT@c20070817 |
| 905 | @a213230@dQ13@en1@f1 | |
| 组织工程方法/(美)阿塔拉 (美)兰扎/杨志明等.-北京:化学工业出版社,2006 |
| 1093;29cm.-(生物实验室系列) |
| ISBN 7-5025-8324-6(精装):¥185.00 |
| ● |
| 相关链接 |
|
|
|
|
正题名:组织工程方法
索取号:Q13/n1
 
预约/预借
| 序号 | 登录号 | 条形码 | 馆藏地/架位号 | 状态 | 备注 |
| 1 | 6601681 | 266016811 | 密集书库-生命科学系/ [索取号:Q13/n1] | 在馆 |